000 00556nam a2200229Ia 4500
003 OSt
005 20221005123112.0
006 a|||||r|||| 00| 0
007 ta
008 221004b |||||||| |||| 00| 0 kan d
024 _a61752
037 _cTextual
040 _aCRL
_cCRL
_bkan
041 _2kan
_akan
082 _aV224.N<-A, 33L4
100 _aKrishnaiah
_9633132
245 0 _aKoda gina itihasa
260 _c1974
650 _aHISTORY
942 _hV224.N<-A, 33L4
_cTEXL
_2cc
999 _c1046367
_d1046367